书目信息 |
| 题名: |
图解砌筑工基本技术
|
|
| 作者: | 杜逸玲 编著 | |
| 分册: | ||
| 出版信息: | 北京 中国电力出版社 2009.01 |
|
| 页数: | 233页 | |
| 开本: | 23cm | |
| 丛书名: | 图解建筑工人基本技术丛书 | |
| 单 册: | ||
| 中图分类: | TU754.1-64 | |
| 科图分类: | ||
| 主题词: | 砌筑--qi zhu--图解 | |
| 电子资源: | ||
| ISBN: | 978-7-5083-7676-9 | |
| 000 | 00964nam 2200265 450 | |
| 001 | 012009596250 | |
| 005 | 20090429183301.42 | |
| 010 | @a978-7-5083-7676-9@dCNY28.00 | |
| 100 | @a20090429d2009 em y0chi0120 ea | |
| 101 | 0 | @achi |
| 102 | @aCN@b110000 | |
| 105 | @aak a 000yy | |
| 106 | @ar | |
| 200 | 1 | @a图解砌筑工基本技术@Atu jie qi zhu gong ji ben ji shu@f杜逸玲编著@Fdu yi ling bian zhu |
| 210 | @a北京@c中国电力出版社@d2009.01 | |
| 215 | @a233页@c图@d23cm | |
| 225 | 2 | @a图解建筑工人基本技术丛书@Atu jie jian zhu gong ren ji ben ji shu cong shu |
| 320 | @a有书目 (第233页) | |
| 330 | @a本书共7章,包括职业道德与劳动保护、建筑识图与力学基础知识、建筑工程常用材料、砌筑工程常用机具、砖砌体砌筑工程以及石砌体砌筑工程等内容。 | |
| 410 | 0 | @12001 @a图解建筑工人基本技术丛书 |
| 606 | 0 | @a砌筑@Aqi zhu@x图解 |
| 690 | @aTU754.1-64@v4 | |
| 701 | 0 | @a杜逸玲@Adu yi ling@4编著 |
| 801 | 0 | @aCN@bQSSK@c20090429 |
| 905 | @b740682-84@dTU754.1-64@eD883@f3 | |
| 图解砌筑工基本技术/杜逸玲编著.-北京:中国电力出版社,2009.01 |
| 233页:图;23cm.-(图解建筑工人基本技术丛书) |
| ISBN 978-7-5083-7676-9:CNY28.00 |
| 本书共7章,包括职业道德与劳动保护、建筑识图与力学基础知识、建筑工程常用材料、砌筑工程常用机具、砖砌体砌筑工程以及石砌体砌筑工程等内容。 |
| ● |
| 相关链接 |
|
|
|
正题名:图解砌筑工基本技术
索取号:TU754.1-64/D883
 
预约/预借
| 序号 | 登录号 | 条形码 | 馆藏地/架位号 | 状态 | 备注 |
| 1 | 740682 | 207406822 | 建筑库201/201建筑库 72排1列2层/ [索取号:TU754.1-64/D883] | 在馆 | |
| 2 | 740683 | 207406831 | 建筑库201/201建筑库 72排1列2层/ [索取号:TU754.1-64/D883] | 在馆 | |
| 3 | 740684 | 207406840 | 建筑库201/201建筑库 72排1列2层/ [索取号:TU754.1-64/D883] | 在馆 |